[Event "Brighton Knight Flight International"]
[Site "Brighton"]
[Date "1982.12.19"]
[Round "8"]
[White "Arnason, Jon Loftur"]
[Black "Watson, William N"]
[Result "1-0"]
[WhiteElo "2455"]
[BlackElo "2370"]
[PlyCount "83"]
[EventDate "1982.12.13"]
[EventType "tourn"]
[EventRounds "11"]
[EventCountry "ENG"]
[EventCategory "8"]
[SourceTitle "BritBase"]
[Source "John Saunders"]
[SourceDate "2020.09.07"]
[SourceVersion "1"]
[SourceVersionDate "2020.09.07"]
[SourceQuality "2"]

1. e4 c5 2. Nf3 d6 3. d4 cxd4 4. Nxd4 Nf6 5. Nc3 g6 6. Be3 Bg7 7. f3 Nc6 8. Bc4
O-O 9. Qe2 Na5 10. Bd3 a6 11. O-O b5 12. b4 e5 13. Nb3 Nxb3 14. cxb3 Be6 15. a4
bxa4 16. bxa4 Rc8 17. Bd2 Qb6+ 18. Qf2 Qd4 19. Qxd4 exd4 20. Ne2 Bc4 21. Bxc4
Rxc4 22. Rfc1 Rfc8 23. Rxc4 Rxc4 24. Rc1 Rxc1+ 25. Nxc1 d5 26. e5 Nd7 27. f4
Kf8 28. b5 axb5 29. Bb4+ Ke8 30. axb5 Kd8 31. Nb3 d3 32. Nc1 Kc7 33. Ba5+ Kb7
34. Nxd3 Bf8 35. Kf2 Nc5 36. Nxc5+ Bxc5+ 37. Ke2 Bb6 38. Bxb6 Kxb6 39. Kd3 Kxb5
40. Kd4 Kc6 41. g4 Kc7 42. Kxd5 1-0

[Event "Brighton Knight Flight International"]
[Site "Brighton"]
[Date "1982.12.19"]
[Round "8"]
[White "Hjartarson, Johann"]
[Black "Westerinen, Heikki MJ"]
[Result "1/2-1/2"]
[WhiteElo "2400"]
[BlackElo "2410"]
[PlyCount "59"]
[EventDate "1982.12.13"]
[EventType "tourn"]
[EventRounds "11"]
[EventCountry "ENG"]
[EventCategory "8"]
[SourceTitle "BritBase"]
[Source "John Saunders"]
[SourceDate "2020.09.07"]
[SourceVersion "1"]
[SourceVersionDate "2020.09.07"]
[SourceQuality "2"]

1. d4 Nf6 2. c4 g6 3. Nc3 Bg7 4. e4 d6 5. f3 O-O 6. Bg5 c5 7. d5 e6 8. Qd2 exd5
9. cxd5 a6 10. a4 Nbd7 11. Nh3 Qa5 12. Ra3 Ne5 13. Nf2 Bd7 14. Be2 Qb4 15. O-O
b5 16. axb5 axb5 17. Rxa8 Rxa8 18. Nxb5 Qxd2 19. Bxd2 Bxb5 20. Bxb5 Rb8 21. Bc6
Nc4 22. Bc3 Nh5 23. Bxg7 Kxg7 24. Nd3 Rb3 25. Rd1 Nxb2 26. Nxb2 Rxb2 27. e5
dxe5 28. d6 Rb8 29. d7 Rd8 30. Rd5 1/2-1/2

[Event "Brighton Knight Flight International"]
[Site "Brighton"]
[Date "1982.12.19"]
[Round "8"]
[White "Murey, Jacob"]
[Black "Tisdall, Jonathan D"]
[Result "1-0"]
[WhiteElo "2500"]
[BlackElo "2435"]
[PlyCount "91"]
[EventDate "1982.12.13"]
[EventType "tourn"]
[EventRounds "11"]
[EventCountry "ENG"]
[EventCategory "8"]
[SourceTitle "BritBase"]
[Source "John Saunders"]
[SourceDate "2020.09.07"]
[SourceVersion "1"]
[SourceVersionDate "2020.09.07"]
[SourceQuality "2"]

1. c4 e6 2. Nc3 d5 3. d4 Nf6 4. Bg5 Be7 5. e3 O-O 6. Qc2 Nbd7 7. cxd5 exd5 8.
Bd3 c6 9. Nf3 Re8 10. O-O Nf8 11. Bxf6 Bxf6 12. b4 Bg4 13. Nd2 Be7 14. b5 Bd6
15. Rfc1 Qg5 16. Nf1 Re6 17. f4 Qe7 18. Qf2 Rf6 19. bxc6 bxc6 20. Na4 Ba3 21.
Rc2 Rb8 22. f5 Bxf5 23. Bxf5 g6 24. g4 gxf5 25. gxf5 Nd7 26. Ng3 Kh8 27. Nc3
Bd6 28. Nce2 Re8 29. Rac1 Rh6 30. Rxc6 Nf6 31. Qf3 Ne4 32. Rc8 Ng5 33. Qg4
Qxe3+ 34. Kg2 f6 35. h4 Nf7 36. Nh5 Bf8 37. R1c3 Qxe2+ 38. Qxe2 Rxe2+ 39. Kf1
Rxh5 40. Kxe2 Kg7 41. Rg3+ Ng5 42. hxg5 Rh2+ 43. Kf1 fxg5 44. f6+ (44. Rxg5+ {
is given in CB Mega Database}) 44... Kf7 45. Rb3 Bd6 46. Rc6 {Source:
Tournament Chess, Vol.9 (1983, Pergamon)} 1-0

[Event "Brighton Knight Flight International"]
[Site "Brighton"]
[Date "1982.12.20"]
[Round "9"]
[White "Hodgson, Julian M"]
[Black "Gurevich, Dmitry"]
[Result "1-0"]
[WhiteElo "2385"]
[BlackElo "2510"]
[PlyCount "81"]
[EventDate "1982.12.13"]
[EventType "tourn"]
[EventRounds "11"]
[EventCountry "ENG"]
[EventCategory "8"]
[SourceTitle "BritBase"]
[Source "John Saunders"]
[SourceDate "2020.09.07"]
[SourceVersion "1"]
[SourceVersionDate "2020.09.07"]
[SourceQuality "2"]

1. e4 c5 2. f4 d6 3. Nf3 a6 4. g3 Nf6 5. d3 g6 6. Bg2 Bg7 7. O-O O-O 8. Nc3 Nc6
9. h3 Nd4 10. Be3 Nd7 11. g4 b5 12. Qd2 Nxf3+ 13. Bxf3 b4 14. Nd1 Bb7 15. g5 f5
16. gxf6 exf6 17. f5 Ne5 18. Bg2 Rc8 19. c4 Rc7 20. Kh1 gxf5 21. Rxf5 Bc8 22.
Rf1 f5 23. Bg5 Qe8 24. Ne3 h6 25. Bf4 fxe4 26. dxe4 Rcf7 27. Nf5 Nxc4 28. Qc1
Bxf5 29. exf5 Ne5 30. Bd5 Kh7 31. Bxf7 Qc6+ 32. Kh2 Rxf7 33. f6 Nf3+ 34. Kg3
Bxf6 35. Rxf3 Bh4+ 36. Kg4 Rg7+ 37. Kxh4 Qxf3 38. Qe3 Qa8 39. Qd3+ Kh8 40. Qxd6
Qe4 41. Rd1 1-0

[Event "Brighton Knight Flight International"]
[Site "Brighton"]
[Date "1982.12.20"]
[Round "9"]
[White "Shamkovich, Leonid Alexandrovic"]
[Black "Arnason, Jon Loftur"]
[Result "1-0"]
[WhiteElo "2490"]
[BlackElo "2455"]
[PlyCount "121"]
[EventDate "1982.12.13"]
[EventType "tourn"]
[EventRounds "11"]
[EventCountry "ENG"]
[EventCategory "8"]
[SourceTitle "BritBase"]
[Source "John Saunders"]
[SourceDate "2020.09.07"]
[SourceVersion "1"]
[SourceVersionDate "2020.09.07"]
[SourceQuality "2"]

1. d4 Nf6 2. c4 e6 (2... c5 3. d5 e6 4. Nc3 exd5 5. cxd5 d6 6. Nf3 {is given
in some sources}) 3. Nf3 c5 4. d5 exd5 5. cxd5 d6 6. Nc3 g6 7. Bf4 a6 8. a4 Bg7
9. e4 O-O 10. Nd2 Nh5 11. Be3 Nd7 12. Be2 Ne5 13. O-O Qh4 14. Nf3 Nxf3+ 15.
Bxf3 f5 16. g3 Qe7 17. exf5 Rxf5 18. Re1 Re5 19. Bd2 Nf6 20. Rxe5 Qxe5 21. Qe1
Qf5 22. Bg2 Bd7 23. Qb1 Qh5 24. Qd1 Bg4 25. Qb3 Rf8 26. Bf4 Bh3 27. f3 g5 28.
Bxd6 Ng4 29. Bxc5 Nxh2 30. d6+ Kh8 31. Ne4 Bxg2 32. Kxg2 g4 33. fxg4 Nxg4 34.
Rh1 Qf5 35. Qd3 Ne5 36. Qe2 Nd7 37. Rf1 Qd5 38. Rxf8+ Bxf8 39. Qf3 Bg7 40. b4
a5 41. Nf2 Qxf3+ 42. Kxf3 Kg8 43. Ke4 Kf7 44. Nd3 b6 45. Kd5 bxc5 46. bxc5 Bf8
47. Kc6 Nf6 48. d7 Be7 49. Kc7 Nd5+ 50. Kb7 Bd8 51. Kc8 Ke7 52. Ne5 Bc7 53.
Nc6+ Ke6 54. d8=Q Bxd8 55. Kxd8 Nc3 56. Nxa5 Nxa4 57. c6 Kd5 58. c7 Nb6 59. g4
h6 60. Nb3 Kc4 61. Nc1 {Source: Tournament Chess, Vol.9 (1983, Pergamon)} 1-0

[Event "Brighton Knight Flight International"]
[Site "Brighton"]
[Date "1982.12.20"]
[Round "9"]
[White "Sigurjonsson, Gudmundur"]
[Black "Hjartarson, Johann"]
[Result "1/2-1/2"]
[WhiteElo "2470"]
[BlackElo "2400"]
[PlyCount "42"]
[EventDate "1982.12.13"]
[EventType "tourn"]
[EventRounds "11"]
[EventCountry "ENG"]
[EventCategory "8"]
[SourceTitle "BritBase"]
[Source "John Saunders"]
[SourceDate "2020.09.07"]
[SourceVersion "1"]
[SourceVersionDate "2020.09.07"]
[SourceQuality "2"]

1. e4 e5 2. Nf3 Nc6 3. Bb5 a6 4. Ba4 Nf6 5. O-O Be7 6. Re1 b5 7. Bb3 d6 8. c3
O-O 9. h3 Na5 10. Bc2 c5 11. d4 Qc7 12. Nbd2 cxd4 13. cxd4 Nc6 14. Nb3 a5 15.
Be3 a4 16. Nbd2 Nb4 17. Bb1 Bd7 18. a3 Nc6 19. Bd3 Qb8 20. Qe2 Na5 21. Rac1 Re8
{Source: Tournament Chess Vol.9 (1983, Pergamon), p23. In Mega Database 2022
only one move of the game appears - 1 Nf3.} 1/2-1/2

[Event "Brighton Knight Flight International"]
[Site "Brighton"]
[Date "1982.12.20"]
[Round "9"]
[White "Tisdall, Jonathan D"]
[Black "Short, Nigel D"]
[Result "1/2-1/2"]
[WhiteElo "2435"]
[BlackElo "2485"]
[PlyCount "27"]
[EventDate "1982.12.13"]
[EventType "tourn"]
[EventRounds "11"]
[EventCountry "ENG"]
[EventCategory "8"]
[SourceTitle "BritBase"]
[Source "John Saunders"]
[SourceDate "2020.09.07"]
[SourceVersion "1"]
[SourceVersionDate "2020.09.07"]
[SourceQuality "2"]

1. d4 Nf6 2. c4 e6 3. Nf3 b6 4. g3 Bb7 5. Bg2 Bb4+ 6. Bd2 a5 7. O-O O-O 8. Bg5
Be7 9. Nc3 Ne4 10. Nxe4 Bxe4 11. Bxe7 Qxe7 12. Ne1 Bxg2 13. Nxg2 d6 14. Qc2 {
Source: Tournament Chess Vol.9 (1983, Pergamon), p23. In Mega Database 2022
the score appears with just one move - 1 e4.} 1/2-1/2

[Event "Brighton Knight Flight International"]
[Site "Brighton"]
[Date "1982.12.20"]
[Round "9"]
[White "Watson, William N"]
[Black "Murey, Jacob"]
[Result "0-1"]
[WhiteElo "2370"]
[BlackElo "2500"]
[PlyCount "72"]
[EventDate "1982.12.13"]
[EventType "tourn"]
[EventRounds "11"]
[EventCountry "ENG"]
[EventCategory "8"]
[SourceTitle "BritBase"]
[Source "John Saunders"]
[SourceDate "2020.09.07"]
[SourceVersion "1"]
[SourceVersionDate "2020.09.07"]
[SourceQuality "2"]

1. e4 c5 2. f4 Nf6 3. Nc3 g6 4. e5 Nh5 5. d3 d6 6. Be2 dxe5 7. Bxh5 gxh5 8.
Qxh5 Rg8 9. Nf3 Bg4 10. Qxh7 Rg7 11. Qe4 Bxf3 12. Qxf3 Nc6 13. fxe5 Qd4 14. Be3
Nxe5 15. Qh3 Qb4 16. O-O-O e6 17. Ne4 O-O-O 18. a3 Qb5 19. Bg5 Rxg5 20. Nxg5
Bg7 21. d4 cxd4 22. Ne4 Nc4 23. Qb3 Qc6 24. Rhe1 Ne3 25. Rxe3 Bh6 26. Kb1 Bxe3
27. Nd2 Qxg2 28. Nc4 Bf4 29. h3 e5 30. Qb4 Qd5 31. Rd3 e4 32. Rb3 e3 33. Na5
Bd6 34. Qe1 b6 35. Qe2 Qxa5 36. Qg4+ f5 0-1

[Event "Brighton Knight Flight International"]
[Site "Brighton"]
[Date "1982.12.20"]
[Round "10"]
[White "Arnason, Jon Loftur"]
[Black "Murey, Jacob"]
[Result "0-1"]
[WhiteElo "2455"]
[BlackElo "2500"]
[PlyCount "124"]
[EventDate "1982.12.13"]
[EventType "tourn"]
[EventRounds "11"]
[EventCountry "ENG"]
[EventCategory "8"]
[SourceTitle "BritBase"]
[Source "John Saunders"]
[SourceDate "2020.09.07"]
[SourceVersion "1"]
[SourceVersionDate "2020.09.07"]
[SourceQuality "2"]

1. e4 e5 2. Nf3 Nc6 3. Bb5 a6 4. Ba4 Nf6 5. O-O Nxe4 6. d4 b5 7. Bb3 d5 8. dxe5
Be6 9. c3 Bc5 10. Nbd2 O-O 11. Bc2 Bf5 12. Nb3 Bxf2+ 13. Rxf2 Nxf2 14. Kxf2
Bxc2 15. Qxc2 f6 16. exf6 Qxf6 17. Kg1 Ne5 18. Qf2 Rae8 19. Be3 Nxf3+ 20. gxf3
Qxf3 21. Qxf3 Rxf3 22. Bc5 Re6 23. Rd1 Rg6+ 24. Kh1 h5 25. Nd4 Rf7 26. Rg1 Kh7
27. Rxg6 Kxg6 28. Kg2 Rf4 29. Ne2 Rf5 30. Nd4 Re5 31. Kf2 Re4 32. Nc2 Kf7 33.
Bd4 a5 34. Be3 b4 35. cxb4 Rc4 36. Ne1 d4 37. Bd2 axb4 38. Ke2 Rc5 39. Bxb4
Re5+ 40. Kd3 Re3+ 41. Kxd4 Rh3 42. Bd2 Rxh2 43. Nf3 Rg2 44. Ke3 g5 45. Ne1 h4
46. Ba5 h3 47. Bxc7 h2 48. Bxh2 Rxh2 49. Nd3 Ke6 50. a4 Rh3+ 51. Ke4 Rh4+ 52.
Ke3 Kd5 53. b4 Re4+ 54. Kf3 g4+ 55. Kg2 Rd4 56. Ne1 Rxb4 57. Kg3 Ke6 58. Kh4
Kf5 59. Nc2 Rxa4 60. Ne3+ Ke4 61. Ng2 Kf3 62. Ne1+ Ke2 0-1

[Event "Brighton Knight Flight International"]
[Site "Brighton"]
[Date "1982.12.20"]
[Round "10"]
[White "Hodgson, Julian M"]
[Black "Westerinen, Heikki MJ"]
[Result "1/2-1/2"]
[WhiteElo "2385"]
[BlackElo "2410"]
[PlyCount "43"]
[EventDate "1982.12.13"]
[EventType "tourn"]
[EventRounds "11"]
[EventCountry "ENG"]
[EventCategory "8"]
[SourceTitle "BritBase"]
[Source "John Saunders"]
[SourceDate "2020.09.07"]
[SourceVersion "1"]
[SourceVersionDate "2020.09.07"]
[SourceQuality "2"]

1. e4 e5 2. Bc4 Nf6 3. d3 c6 4. Nf3 d5 5. Bb3 Bd6 6. Nc3 dxe4 7. Ng5 O-O 8.
Ncxe4 Nxe4 9. Nxe4 Bb4+ 10. c3 Be7 11. O-O Kh8 12. Qh5 f6 13. Rd1 Qe8 14. Qxe8
Rxe8 15. d4 exd4 16. Rxd4 Na6 17. Bf4 Nc5 18. Bd6 Nxb3 19. axb3 Bd8 20. Bg3 Be7
21. Bd6 Bd8 22. Bg3 1/2-1/2

[Event "Brighton Knight Flight International"]
[Site "Brighton"]
[Date "1982.12.20"]
[Round "10"]
[White "Tisdall, Jonathan D"]
[Black "Hjartarson, Johann"]
[Result "1/2-1/2"]
[WhiteElo "2435"]
[BlackElo "2400"]
[PlyCount "53"]
[EventDate "1982.12.13"]
[EventType "tourn"]
[EventRounds "11"]
[EventCountry "ENG"]
[EventCategory "8"]
[SourceTitle "BritBase"]
[Source "John Saunders"]
[SourceDate "2020.09.07"]
[SourceVersion "1"]
[SourceVersionDate "2020.09.07"]
[SourceQuality "2"]

1. e4 e6 2. d4 d5 3. Nd2 c5 4. exd5 exd5 5. Bb5+ Bd7 6. Qe2+ Be7 7. dxc5 Nf6 8.
Nb3 O-O 9. Be3 a6 10. Bd3 Ba4 11. Nf3 Re8 12. Nfd4 Nbd7 13. O-O Bxb3 14. Nxb3
Nxc5 15. Qd1 Nxd3 16. Qxd3 Qc7 17. h3 Rad8 18. Rad1 Ne4 19. Nd4 Bf6 20. c3 b5
21. Rfe1 h5 22. a3 g6 23. Nf3 Nc5 24. Bxc5 Rxe1+ 25. Nxe1 Qxc5 26. Nc2 Kg7 27.
Nd4 1/2-1/2

[Event "Brighton Knight Flight International"]
[Site "Brighton"]
[Date "1982.12.20"]
[Round "10"]
[White "Watson, William N"]
[Black "Gurevich, Dmitry"]
[Result "0-1"]
[WhiteElo "2370"]
[BlackElo "2510"]
[PlyCount "120"]
[EventDate "1982.12.13"]
[EventType "tourn"]
[EventRounds "11"]
[EventCountry "ENG"]
[EventCategory "8"]
[SourceTitle "BritBase"]
[Source "John Saunders"]
[SourceDate "2020.09.07"]
[SourceVersion "1"]
[SourceVersionDate "2020.09.07"]
[SourceQuality "2"]

1. e4 d6 2. d4 Nf6 3. Nc3 g6 4. Nf3 Bg7 5. Bg5 c6 6. Qd2 b5 7. Bd3 h6 8. Bf4 g5
9. Bg3 Nh5 10. e5 Nxg3 11. hxg3 g4 12. Ng1 dxe5 13. dxe5 e6 14. f4 gxf3 15.
Nxf3 Nd7 16. Be4 b4 17. Nb5 Nxe5 18. Qxd8+ Kxd8 19. Nxe5 Bxe5 20. O-O-O+ Ke7
21. Bxc6 Rb8 22. Nxa7 Bxg3 23. Nxc8+ Rbxc8 24. Rd7+ Kf8 25. Rf1 Rh7 26. Bf3 Rg7
27. Rfd1 Rg5 28. Rb7 Rc4 29. Rdd7 Rf5 30. a3 bxa3 31. bxa3 Be5 32. Rb4 Rc5 33.
Rd3 Bc3 34. Rb3 Bf6 35. c3 Rc7 36. Kc2 Ra5 37. Kb2 Be5 38. Rb4 Ke7 39. Rb3 f5
40. Ka2 Rc4 41. Kb2 Rac5 42. Kc2 Kf6 43. Be2 Rf4 44. Bf3 Kg5 45. Rb4 h5 46. Kb3
h4 47. a4 Bf6 48. Rb5 Rfc4 49. Rxc5 Rxc5 50. Kb4 Be7 51. Kb3 e5 52. Rd5 Kf4 53.
Rxc5 Bxc5 54. Kc4 e4 55. Bh5 Ba7 56. Kd5 Kg3 57. c4 Kxg2 58. c5 Bxc5 59. Kxc5
h3 60. Bg6 e3 0-1

[Event "Brighton Knight Flight International"]
[Site "Brighton"]
[Date "1982.12.21"]
[Round "11"]
[White "Gurevich, Dmitry"]
[Black "Tisdall, Jonathan D"]
[Result "1-0"]
[WhiteElo "2510"]
[BlackElo "2435"]
[PlyCount "35"]
[EventDate "1982.12.13"]
[EventType "tourn"]
[EventRounds "11"]
[EventCountry "ENG"]
[EventCategory "8"]
[SourceTitle "BritBase"]
[Source "John Saunders"]
[SourceDate "2020.09.07"]
[SourceVersion "1"]
[SourceVersionDate "2020.09.07"]
[SourceQuality "2"]

1. d4 Nf6 2. c4 e6 3. Nc3 Bb4 4. e3 O-O 5. Bd3 d5 6. cxd5 exd5 7. Nge2 c6 8. f3
Re8 9. O-O c5 10. a3 cxd4 11. axb4 dxc3 12. bxc3 Nc6 13. Nf4 Qc7 14. Bb1 Ne5
15. Nxd5 Nxd5 16. Qxd5 Qxc3 17. Bd2 Qb2 18. Ra2 1-0

[Event "Brighton Knight Flight International"]
[Site "Brighton"]
[Date "1982.12.21"]
[Round "11"]
[White "Hjartarson, Johann"]
[Black "Hodgson, Julian M"]
[Result "1/2-1/2"]
[WhiteElo "2400"]
[BlackElo "2385"]
[PlyCount "79"]
[EventDate "1982.12.13"]
[EventType "tourn"]
[EventRounds "11"]
[EventCountry "ENG"]
[EventCategory "8"]
[SourceTitle "BritBase"]
[Source "John Saunders"]
[SourceDate "2020.09.07"]
[SourceVersion "1"]
[SourceVersionDate "2020.09.07"]
[SourceQuality "2"]

1. d4 b5 2. Bg5 Bb7 3. Nf3 h6 4. Bh4 g5 5. Bg3 e6 6. e3 a6 7. Nbd2 Nf6 8. c3
Rg8 9. Qc2 d6 10. h3 Nbd7 11. a4 h5 12. axb5 axb5 13. Rxa8 Qxa8 14. Bxb5 h4 15.
Bh2 g4 16. hxg4 h3 17. Qa4 Qxa4 18. Bxa4 hxg2 19. Rg1 Rxg4 20. Bg3 Nh5 21. Rxg2
f5 22. Rg1 Nxg3 23. Rxg3 Rxg3 24. fxg3 Ke7 25. Nh2 Nf6 26. Bd1 Bh6 27. Ndf1 e5
28. Bf3 Ba6 29. dxe5 dxe5 30. Kf2 Kd6 31. Nd2 Bg5 32. Be2 Bb7 33. Bd3 ({
Some sources proceed} 33. Bc4 Ke7 34. Ke2 Bh6 35. Ndf3 Ne4 36. Nxe5 Nxg3+ 37.
Kd3 Be4+ 38. Kd2 f4 39. Neg4 {½-½}) 33... Ke6 34. Bc4+ Ke7 35. Ke2 Bh6 36.
Ndf3 Ne4 37. Nxe5 Nxg3+ 38. Kd3 Be4+ 39. Kd2 f4 40. Neg4 {Source: Tournament
Chess, Vol.9 (1983, Pergamon)} 1/2-1/2

[Event "Brighton Knight Flight International"]
[Site "Brighton"]
[Date "1982.12.21"]
[Round "11"]
[White "Murey, Jacob"]
[Black "Shamkovich, Leonid Alexandrovic"]
[Result "1-0"]
[WhiteElo "2500"]
[BlackElo "2490"]
[PlyCount "57"]
[EventDate "1982.12.13"]
[EventType "tourn"]
[EventRounds "11"]
[EventCountry "ENG"]
[EventCategory "8"]
[SourceTitle "BritBase"]
[Source "John Saunders"]
[SourceDate "2020.09.07"]
[SourceVersion "1"]
[SourceVersionDate "2020.09.07"]
[SourceQuality "2"]

1. c4 c5 2. Nc3 Nf6 3. Nf3 e6 4. d4 cxd4 5. Nxd4 Bb4 6. Bf4 O-O 7. Ndb5 Ne4 8.
Qc2 Nxc3 9. bxc3 Qf6 10. e3 a6 11. Rc1 Ba5 12. Nc7 e5 13. Nd5 Qe6 14. Bg3 d6
15. Bd3 f5 16. O-O Bd8 17. Qe2 Nd7 18. c5 b5 19. cxb6 Bb7 20. e4 fxe4 21. Qxe4
Kf7 22. c4 Nf6 23. Qe3 Nxd5 24. cxd5 Bxd5 25. Bxh7 g6 26. Rfd1 Bxa2 27. Qf3+
Kg7 28. Qxa8 Kxh7 29. b7 1-0

[Event "Brighton Knight Flight International"]
[Site "Brighton"]
[Date "1982.12.21"]
[Round "11"]
[White "Short, Nigel D"]
[Black "Watson, William N"]
[Result "1-0"]
[WhiteElo "2485"]
[BlackElo "2370"]
[PlyCount "107"]
[EventDate "1982.12.13"]
[EventType "tourn"]
[EventRounds "11"]
[EventCountry "ENG"]
[EventCategory "8"]
[SourceTitle "BritBase"]
[Source "John Saunders"]
[SourceDate "2020.09.07"]
[SourceVersion "1"]
[SourceVersionDate "2020.09.07"]
[SourceQuality "2"]

1. e4 c5 2. Nf3 d6 3. d4 cxd4 4. Nxd4 Nf6 5. Nc3 g6 6. g3 Nc6 7. Nde2 Bd7 8.
Bg2 Qc8 9. h3 Bg7 10. a4 O-O 11. Be3 Rd8 12. Qd2 Nb4 13. Rc1 h5 14. b3 e5 15.
Nb5 Nc6 16. c4 Be6 17. Kf1 Ne8 18. Kg1 f5 19. Bg5 Rd7 20. Kh2 Bf8 21. Nbc3 Rf7
22. Rhf1 Nf6 23. Bxf6 Rxf6 24. Nd5 Rf7 25. exf5 Bxf5 26. Ndc3 Kh7 27. Rcd1 Qe8
28. Ne4 Bxe4 29. Bxe4 Qe7 30. h4 Rd8 31. Kg2 Bh6 32. Qc2 Qf6 33. Qb1 Rdf8 34.
Rd3 Rg7 35. Qd1 Rd8 36. Nc3 Nd4 37. Nd5 Qe6 38. Qxh5 Nf5 39. Qd1 Kh8 40. Nc3 b6
41. Nb5 Rgd7 42. Bd5 Qf6 43. Rf3 a6 44. Nc3 Rf8 45. Ne4 Qe7 46. Rh1 Kg7 47. Rd3
Rdd8 48. Qa1 Nd4 49. Rxd4 exd4 50. f4 Bxf4 51. gxf4 Rxf4 52. Qxd4+ Kh6 53. Qd2
Rdf8 54. Rf1 1-0

[Event "Brighton Knight Flight International"]
[Site "Brighton"]
[Date "1982.12.21"]
[Round "11"]
[White "Westerinen, Heikki MJ"]
[Black "Sigurjonsson, Gudmundur"]
[Result "1/2-1/2"]
[WhiteElo "2410"]
[BlackElo "2470"]
[PlyCount "78"]
[EventDate "1982.12.13"]
[EventType "tourn"]
[EventRounds "11"]
[EventCountry "ENG"]
[EventCategory "8"]
[SourceTitle "BritBase"]
[Source "John Saunders"]
[SourceDate "2020.09.07"]
[SourceVersion "1"]
[SourceVersionDate "2020.09.07"]
[SourceQuality "2"]

1. e4 c5 2. Nf3 d6 3. d4 cxd4 4. Nxd4 Nf6 5. Nc3 a6 6. Be2 e5 7. Nb3 Be7 8. O-O
O-O 9. Be3 Be6 10. Qd2 Nbd7 11. a4 Rc8 12. a5 Qc7 13. Rfc1 Qc6 14. Bf3 Bc4 15.
Ra4 Qc7 16. Be2 Bxe2 17. Qxe2 Qc6 18. Qf3 Rfd8 19. Nd2 Nc5 20. Bxc5 dxc5 21.
Nc4 Rd4 22. b3 Qe6 23. Re1 Rcd8 24. Raa1 Bf8 25. h3 g6 26. Qe3 h5 27. Re2 Kh7
28. Qg3 Re8 29. Rae1 Bh6 30. Qf3 Kg7 31. Nd5 Nxd5 32. exd5 Qxd5 33. Nxe5 Bf4
34. Qxd5 Rxd5 35. Nd3 Rxe2 36. Rxe2 Bd6 37. Re4 c4 38. Rxc4 Rxa5 39. Kf1 Kf6
1/2-1/2